Bromolis. Fotografia pictorialista de Joaquim Pla Janini
ISBN:
9788412124224
Descripción Física:
171 p. 24 cm
Idioma:
Catalán
MARC
| LEADER | 00000nam a22000007a 4500 | ||
|---|---|---|---|
| 001 | 25178 | ||
| 003 | BGR | ||
| 005 | 20260324180727.0 | ||
| 008 | 220225b spa||||| |||| 00| 0 cat d | ||
| 017 | |a B.8387-2021 | ||
| 020 | |a 9788412124224 | ||
| 110 | |a Museu Marítim (Barcelona, Catalunya) |9 10020 | ||
| 245 | |a Bromolis. Fotografia pictorialista de Joaquim Pla Janini | ||
| 260 | |a Barcelona : |b Museu Marítim de Barcelona |c Febrer de 2022 | ||
| 300 | |a 171 p. |c 24 cm | ||
| 600 | 0 | |2 Arxiu |9 28858 |a Pla Janini, Joaquim I | |
| 650 | 0 | |9 35004 |a Fotografia artística |x Exposicions | |
| 942 | |2 udc |c ARXIU |n 1 | ||
| 952 | |0 0 |1 0 |2 udc |4 0 |6 BIB450 |7 1 |9 61026 |a Arxiu |b Arxiu |d 2022-02-25 |o Bib-450 |p 25178 |r 2022-02-25 00:00:00 |w 2022-02-25 |y ARXIU | ||
| 999 | |c 81150 |d 81150 | ||